000 00472nam a22001817a 4500
999 _c164366
_d164366
005 20190516170040.0
010 _aB-098949
020 _a8187649763
_c150.00
035 _aB-098949
037 _bKatha
082 _a887
100 _aParsai, Harishankar
245 _aInspector matadeen on the moon /
_cHarishankar Parsai
260 _aNew Delhi
_bKatha
_c2003
300 _a165p.
_c22cm(pbk)
700 _aNaim, C.M.
942 _2ddc
_cEN
_h887
_mPAR